|
|
|
|
| LEADER |
00936cam a2200253 7i4500 |
| 001 |
0000037289 |
| 005 |
20171109090000.0 |
| 008 |
101213 eng |
| 020 |
|
|
|a 9780135071663 (pbk.)
|
| 020 |
|
|
|a 0135071666 (pbk.)
|
| 090 |
0 |
0 |
|a TA345
|b .W37 2010
|
| 100 |
1 |
|
|a Ward, Harry O
|
| 245 |
1 |
0 |
|a AutoCAD Civil 3D 2010 :
|b procedures and applications
|c Harry O. Ward, Nancy S. Orem.
|
| 260 |
|
|
|a Upper Saddle River, N.J.:
|b Pearson Education, Inc.,
|c 2010.
|
| 300 |
|
|
|a xix, 401 p.:
|b ill.;
|c 28 cm.
|
| 500 |
|
|
|a Includes index
|
| 650 |
0 |
0 |
|a Surveying --
|x Computer programs
|
| 650 |
0 |
0 |
|a Civil engineering --
|x Computer programs
|
| 650 |
0 |
0 |
|a Three-dimensional display systems
|
| 700 |
1 |
|
|a Orem, Nancy S
|
| 710 |
0 |
|
|a Autodesk, Inc
|
| 997 |
|
|
|a Engineering & Life Sciences, Faculty
|b Engineering, Department
|
| 998 |
|
|
|a Civil Engineering, Degree
|
| 999 |
|
|
|a 0000041787
|b BOK
|c OPEN SHELF
|e 2nd Floor, Bestari Jaya
|